R. P. F. Joannis da Sylveira ulyssiponensis Carmelitae Regularis Observantiae, sacrae theologiae primarii lectoris jubilati opuscula varia : unà cum apologia carmelitana, quae in praecedentibus impressionibus lugdunensibus ad calcem commentarii in Acta Apostolorum adnectebatur, adjectis pariter indicibus tum quaestionum, cùm rerum ejusdem apologiae

Detalles Bibliográficos
Autor principal: Sylveira, Joâo da, O. C., 1592-1687
Formato: Libro
Lenguaje:Latin
Publicado: Venetiis : typis Dominici Lovisa, 1728.
Materias:
Colección:Banco de datos
Acervo:Universidad Autónoma Benito Juárez de Oaxaca. Biblioteca Francisco de Burgoa. Colección antigua
Descripción Física:[6] h., 408, XXXVI p. ; f°
Tema general:Biblia
Notas:Portada tipográfica con monograma del impresor en grabado xilográfico. Texto a dos columnas con paginación en números arábigos y romanos, reclamos y signaturas. Incluye capitular historiada en grabado xilográfico. Encuadernación en pergamino sobre cartón (1505, 7209). Marca de fuego: Casa del Noviciado de la Compañía de Jesús de Oaxaca, Oax. (1505, 7209). Marca de fuego: Convento de Santo Domingo (7209). Daños por polilla (1505, 7209)
LEADER 01621nam a22001930004500
035 |a 640 
041 0 |a lat 
100 1 |a Sylveira, Joâo da, O. C., 1592-1687 
245 1 0 |a R. P. F. Joannis da Sylveira ulyssiponensis Carmelitae Regularis Observantiae, sacrae theologiae primarii lectoris jubilati opuscula varia : unà cum apologia carmelitana, quae in praecedentibus impressionibus lugdunensibus ad calcem commentarii in Acta Apostolorum adnectebatur, adjectis pariter indicibus tum quaestionum, cùm rerum ejusdem apologiae 
260 |a Venetiis : typis Dominici Lovisa, 1728. 
300 |a [6] h., 408, XXXVI p. ; f° 
500 |a Portada tipográfica con monograma del impresor en grabado xilográfico. Texto a dos columnas con paginación en números arábigos y romanos, reclamos y signaturas. Incluye capitular historiada en grabado xilográfico. Encuadernación en pergamino sobre cartón (1505, 7209). Marca de fuego: Casa del Noviciado de la Compañía de Jesús de Oaxaca, Oax. (1505, 7209). Marca de fuego: Convento de Santo Domingo (7209). Daños por polilla (1505, 7209) 
504 |a Al principio de la obra está el índice de los lugares de la Sagrada Escritura 
504 |a Al final de la obra están las series de opusculos, resoluciones y cuestiones, índice de cosas notables y el índice de cuestiones 
650 1 0 |a Biblia 
852 |a Universidad Autónoma "Benito Juárez" de Oaxaca, Biblioteca Francisco de Burgoa, Colección antigua 1505, 7209 
942 |c BURANT 
943 |g Universidad Autónoma Benito Juárez de Oaxaca. Biblioteca Francisco de Burgoa. Colección antigua 
999 |c 1111651  |d 1111651